banner-ar

FLYING VER IN MARGINAL WASTHER / (Record no. 11105)

MARC details
000 -الفاتح
حقل البيانات ثابتة الطول 00458nam a2200169Ia 4500
008 - عناصر البيانات ثابتة الطول - معلومات عامة
حقل البيانات ثابتة الطول 140319s9999 xx 000 0 eng d
040 ## - مصدر الفهرسة
وكالة الفهرسة الأصلية GCL /
وكالة النسخ GCL
082 04 - رقم تصنيف ديوى العشرى
رقم التصنيف 629.13252
رقم المادة M F
100 1# - المدخل الرئيسى - إسم شخصى
الإسم الشخصى MURPHY, DARYLE
245 10 - بيان العنوان
العنوان FLYING VER IN MARGINAL WASTHER /
بيان المسئوليه,etc MURPHY, DARYLE
260 ## - PUBLICATION, DISTRIBUTION, ETC. (IMPRINT)
تاريخ النشر أو التوزيع 1991
300 ## - الوصف المادى
التعداد 206
650 04 - المدخل الاضافى بالموضوع-مصطلح موضوعى
مصطلح موضوعي AIR PLANES PILOTING
650 04 - المدخل الاضافى بالموضوع-مصطلح موضوعى
مصطلح موضوعي METEOROLOGY IN AERONAUTICS
942 ## - عناصر المدخل الإضافي( كوها)
مصدر التصنيف او مخطط الترفيف Dewey Decimal Classification
Koha [default] item type كتاب
260 ## - PUBLICATION, DISTRIBUTION, ETC. (IMPRINT)
-- [S.N] :
-- AIRLIFE PUBLISHING ،
Holdings
حالة التراجع حالة الفقد حالة تلف ليس للاعارة المكان المؤقت الموقع الحالى تاريخ الاكتساب اجمالي اﻻعارات رقم الطلب الباركود تاريخ اخر مشاهدة تاريخ تفعيل السعر نوع وعاء كوها
        مكتبة القاهرة الكبرى مكتبة القاهرة الكبرى 03/26/2014   629.13252\M F 22132 03/26/2014 03/26/2014 كتاب

Powered By

EGPV